| 000 | 00000nam##2200000za#4500 |
| 001 | 9.571122 |
| 003 | CaOODSP |
| 005 | 20210624182553 |
| 007 | cr ||||||||||| |
| 008 | 150406|2008||||xxc|||||o f|0| 0 eng|d |
| 022 | |a1919-3769 |
| 040 | |aCaOODSP|beng |
| 043 | |an-cn--- |
| 086 | 1 |aFs70-7/2008-012E-PDF |
| 110 | 1 |aCanada. |bDepartment of Fisheries and Oceans. |bQuebec Region. |
| 245 | 13|aLa Romaine hydroelectric project - scientific assessment of the impact study, marine component |h[electronic resource] |
| 246 | 1 |aScience response : La Romaine Hydroelectric Project - scientific assessment of the Impact study, marine component |
| 260 | |aOttawa - Ontario : |bFisheries and Oceans Canada. |cSeptember 2008. |
| 300 | |a13p.|breferences |
| 490 | 1 |aCanadian Science Advisory Secretariat - science response |x1919-3769|v2008/012, Quebec Region |
| 590 | |a11-28-Supp|b2011-11-17 |
| 775 | 08|tProjet hydroélectrique du complexe la Romaine - examen scientifique de l'étude d'impact, volet marin |w(CaOODSP)9.601761 |
| 830 | #0|aScience response (Canadian Science Advisory Secretariat)|x1919-3769|v2008/012, Quebec Region|w(CaOODSP)9.506232 |
| 856 | 40|ahttp://publications.gc.ca|qPDF|s92 KB|uhttps://publications.gc.ca/collections/collection_2011/mpo-dfo/Fs70-7-2008-012-eng.pdf|y2008/012, Quebec Region |